000 00608nam a2200241Ia 4500
003 OSt
005 20220928130335.0
006 a|||||r|||| 00| 0
007 ta
008 220927b |||||||| |||| 00| 0 eng d
024 _a90846
037 _cTextual
040 _aSDCL
_cSDCL
_beng
041 _2eng
_aeng
082 _aX:8K, K7
100 _aHorngren Charles T
_9391901
245 0 _aCost accounting
_b A managerial emphasis
250 _a2
260 _aNew
_b#NAME?
_c1967
300 _axx,876p
_ccm.
942 _hX:8K, K7
_cTEXL
_2CC
999 _c786159
_d786159